000 00649nam a2200217Ia 4500
003 GCL
008 140319s9999 xx 000 0 ara d
040 _aGCL /
_cGCL
082 0 4 _a962.43
_bع ب
100 1 _aعمر طوسون
245 1 0 _aبطولة الاورطة السودانية المصرية فى حرب المكسيك /
_cعمر طوسون
300 _a137 ص
490 _a100 قصة
_v0
650 0 4 _aالعصر الحديث
650 0 4 _aمصر
650 0 4 _aالسودان
650 0 4 _aالتاريخ
650 0 4 _aالاحتلال البريطانى
650 0 4 _aالاستعمار البريطانى
942 _2ddc
_cBK
999 _c45821
_d45821